Capillarité (Registro nro. 162359)

Detalles MARC
000 -LEADER
campo de control de longitud fija 00817nam a22002295i 4500
001 - NÚMERO DE CONTROL
campo de control 162359
003 - IDENTIFICADOR DE NÚMERO DE CONTROL
campo de control ES-MaACL
005 - FECHA Y HORA DE LA ÚLTIMA TRANSACCIÓN
campo de control 20250903022217.0
008 - DATOS DE LONGITUD FIJA--INFORMACIÓN GENERAL
campo de control de longitud fija 000113s1895 fr |||| | fre d
040 ## - FUENTE DE CATALOGACIÓN
Centro catalogador/agencia de origen M-RACE
Lengua de catalogación spa
Centro/agencia transcriptor M-RACE
Centro/agencia modificador CCPB | B
100 1# - ENTRADA PRINCIPAL--NOMBRE DE PERSONA
Nombre de persona Poincaré, Henri.
9 (RLIN) 92751
245 10 - MENCIÓN DEL TÍTULO
Título Capillarité
Resto del título : leçons professées pendant le deuxième semestre 1888-1889 /
Mención de responsabilidad, etc. par H. Poincare ; rédigées par J. Blondin.
260 ## - PUBLICACIÓN, DISTRIBUCIÓN, ETC.
Lugar de publicación, distribución, etc. Paris :
Nombre del editor, distribuidor, etc. Georges Carré, éditeur,
Fecha de publicación, distribución, etc. 1895.
300 ## - DESCRIPCIÓN FÍSICA
Extensión 186 p. ;
Dimensiones 24 cm.
490 1# - MENCIÓN DE SERIE
Mención de serie Cours de Physique Mathématique
650 #4 - PUNTO DE ACCESO ADICIONAL DE MATERIA--TÉRMINO DE MATERIA
Término de materia o nombre geográfico como elemento de entrada Capilaridad.
9 (RLIN) 135727
650 #7 - PUNTO DE ACCESO ADICIONAL DE MATERIA--TÉRMINO DE MATERIA
Término de materia o nombre geográfico como elemento de entrada Física matemática
Fuente del encabezamiento o término embne
9 (RLIN) 12887
700 1# - ENTRADA AGREGADA--NOMBRE PERSONAL
Nombre de persona Blondin, Jules.
9 (RLIN) 29551
830 0# - PUNTO DE ACCESO ADICIONAL DE SERIE-TÍTULO UNIFORME
Título uniforme Cours de Physique Mathématique
9 (RLIN) 188389
852 ## - LOCALIZACIÓN
Ubicación ES-MaACL
Número de control de estantería G-5848
Nota libre -- Enc. hol.
Existencias
Estatus retirado Estado de pérdida Estado de daño No para préstamo Colección Biblioteca de origen Biblioteca actual Ubicación en estantería Fecha de adquisición Fuente de adquisición Total de préstamos Signatura topográfica completa Código de barras Visto por última vez Precio de reemplazo Tipo de ítem Koha
        Libros del s. XIX Biblioteca del Ateneo de Madrid Biblioteca del Ateneo de Madrid Depósito 2 17/01/2008     G-5848 1170094 23/02/2023 23/02/2023 Libro impreso antiguo